¿Pasó el tiempo de la emancipación?

La idea de una sociedad emancipada de la dominación pertenecería a un tiempo superado. Vivimos en un tiempo que ya no autoriza proyecciones en el futuro sino solo la gestión de lo real con sus respectivas mutaciones y perspectivas cortas: retorno rápido de las inversiones, variaciones diarias de las...

Full description

Bibliographic Details
Main Author: Rancière, Jacques 1940-
Format: Analitica de revista
Language:Spanish
Published: Santiago, Chile: Universidad Academia de Humanismo Cristiano, 2014.
Subjects:
Online Access:Disponible en línea (PDF). Biblioteca Digital UAHC

MARC

LEADER 00000cab a2200000 a 4500
001 041832
003 UAHC_CL
005 20210909180024.0
008 050930s2014 cl j 000 1 spa
952 |0 0  |1 0  |4 0  |6 REVISTA_DE_LA_ACADEMIA18_14_000000000000000  |7 0  |8 COMP  |9 78322  |a BC  |b BC  |c Hemeroteca  |d 2017-08-03  |l 0  |o REVISTA DE LA ACADEMIA-18/14  |r 2018-01-23 00:00:00  |w 2017-08-03  |y REVA 
999 |c 41832  |d 41832 
040 |a UAHC_CL  |c UAHC_CL  |d UAHC_CL 
100 |a Rancière, Jacques  |d 1940-  |9 5562 
245 1 1 |a ¿Pasó el tiempo de la emancipación?   |c Jacques Rancière. 
260 |a Santiago, Chile:  |b Universidad Academia de Humanismo Cristiano,  |c 2014. 
300 |a p. 13-24 
500 |a En: Revista de la Academia, nº 18, 2014. p. 13-24. ISSN 07171846. 
520 |a La idea de una sociedad emancipada de la dominación pertenecería a un tiempo superado. Vivimos en un tiempo que ya no autoriza proyecciones en el futuro sino solo la gestión de lo real con sus respectivas mutaciones y perspectivas cortas: retorno rápido de las inversiones, variaciones diarias de las tasas de la bolsa, índices mensuales de cesantía, contratos de duración limitada. Es decir, lo que los tiempos producen naturalmente sería un régimen de gobierno neutro y de consenso ideológico. 
650 0 |a Filosofía  |9 127 
650 0 |a Historia  |9 5563 
856 |u http://bibliotecadigital.academia.cl/xmlui/handle/123456789/2032  |y Disponible en línea (PDF). Biblioteca Digital UAHC 
900 |a REVISTA DE LA ACADEMIA-18/14 
942 |c REVA